00654nam a2200157Ia 4500008004100000100001700041245016800058245005100226260005900277260000900336650001800345650001500363856002600378999001900404952007300423170221s9999 xx 000 0 und d aJae Hee Park 4aThe Power of Political Boycott in Online Communities and Blogs:Exploring Online Political Debaters on the Korean Government’s Beef Trade Policies with the U.S.  cJae Hee Park, Daniel M. Haygood, Hyun Jung Yun bOnline Journal of Communication and Media Technologies c2016 xCommunication xMedia Arts uhttp://www.ojcmt.net/ c309100d309100 001040aCLbCLd2017-02-21l0r2017-02-21 00:00:00w2017-02-21yFOJ